<?xml version="1.0" encoding="UTF-8"?>
<record
    xmlns:xsi="http://www.w3.org/2001/XMLSchema-instance"
    xsi:schemaLocation="http://www.loc.gov/MARC21/slim http://www.loc.gov/standards/marcxml/schema/MARC21slim.xsd"
    xmlns="http://www.loc.gov/MARC21/slim">

  <leader>00538nam a2200217Ia 4500</leader>
  <controlfield tag="005">20251121152708.0</controlfield>
  <controlfield tag="008">230125s9999    xx            000 0 und d</controlfield>
  <datafield tag="020" ind1=" " ind2=" ">
    <subfield code="a">9789352620197</subfield>
  </datafield>
  <datafield tag="041" ind1=" " ind2=" ">
    <subfield code="a">eng</subfield>
  </datafield>
  <datafield tag="082" ind1=" " ind2=" ">
    <subfield code="a">158.1</subfield>
    <subfield code="b">RAO</subfield>
  </datafield>
  <datafield tag="100" ind1=" " ind2=" ">
    <subfield code="a">Rao U</subfield>
    <subfield code="9">215308</subfield>
  </datafield>
  <datafield tag="245" ind1=" " ind2=" ">
    <subfield code="a">Life Skills Vol-II</subfield>
  </datafield>
  <datafield tag="250" ind1=" " ind2=" ">
    <subfield code="a">Ed.1st</subfield>
  </datafield>
  <datafield tag="260" ind1=" " ind2=" ">
    <subfield code="c">2016</subfield>
    <subfield code="b">Himalaya Publishing House</subfield>
    <subfield code="a">Mumbai</subfield>
  </datafield>
  <datafield tag="300" ind1=" " ind2=" ">
    <subfield code="a">215p</subfield>
  </datafield>
  <datafield tag="500" ind1=" " ind2=" ">
    <subfield code="a">Personality Development</subfield>
  </datafield>
  <datafield tag="650" ind1=" " ind2=" ">
    <subfield code="a">Personality Development</subfield>
    <subfield code="9">213420</subfield>
  </datafield>
  <datafield tag="700" ind1=" " ind2=" ">
    <subfield code="a">Rao U</subfield>
    <subfield code="9">215308</subfield>
  </datafield>
  <datafield tag="906" ind1=" " ind2=" ">
    <subfield code="b">69.75</subfield>
  </datafield>
  <datafield tag="942" ind1=" " ind2=" ">
    <subfield code="c">BK</subfield>
  </datafield>
  <datafield tag="999" ind1=" " ind2=" ">
    <subfield code="c">94667</subfield>
    <subfield code="d">94667</subfield>
  </datafield>
  <datafield tag="952" ind1=" " ind2=" ">
    <subfield code="0">0</subfield>
    <subfield code="1">0</subfield>
    <subfield code="4">0</subfield>
    <subfield code="7">0</subfield>
    <subfield code="a">HIMR</subfield>
    <subfield code="b">HIMR</subfield>
    <subfield code="d">2017-03-01</subfield>
    <subfield code="e">Suyog Enterprises</subfield>
    <subfield code="g">225.00</subfield>
    <subfield code="i">SE/SI/3819</subfield>
    <subfield code="l">0</subfield>
    <subfield code="o">158.1 RAO B15470</subfield>
    <subfield code="p">HIMR-BK-15470</subfield>
    <subfield code="r">2023-01-25 00:00:00</subfield>
    <subfield code="v">155.25</subfield>
    <subfield code="w">2017-02-25</subfield>
    <subfield code="y">BK</subfield>
    <subfield code="z">B15470</subfield>
  </datafield>
  <datafield tag="952" ind1=" " ind2=" ">
    <subfield code="0">0</subfield>
    <subfield code="1">0</subfield>
    <subfield code="4">0</subfield>
    <subfield code="7">0</subfield>
    <subfield code="a">HIMR</subfield>
    <subfield code="b">HIMR</subfield>
    <subfield code="d">2017-03-01</subfield>
    <subfield code="e">Suyog Enterprises</subfield>
    <subfield code="g">225.00</subfield>
    <subfield code="i">SE/SI/3819</subfield>
    <subfield code="l">0</subfield>
    <subfield code="o">158.1 RAO B15471</subfield>
    <subfield code="p">HIMR-BK-15471</subfield>
    <subfield code="r">2023-01-25 00:00:00</subfield>
    <subfield code="v">155.25</subfield>
    <subfield code="w">2017-02-25</subfield>
    <subfield code="y">BK</subfield>
    <subfield code="z">B15471</subfield>
  </datafield>
  <datafield tag="952" ind1=" " ind2=" ">
    <subfield code="0">0</subfield>
    <subfield code="1">0</subfield>
    <subfield code="4">0</subfield>
    <subfield code="7">0</subfield>
    <subfield code="a">HIMR</subfield>
    <subfield code="b">HIMR</subfield>
    <subfield code="d">2017-03-01</subfield>
    <subfield code="e">Suyog Enterprises</subfield>
    <subfield code="g">225.00</subfield>
    <subfield code="i">SE/SI/3819</subfield>
    <subfield code="l">0</subfield>
    <subfield code="o">158.1 RAO B15472</subfield>
    <subfield code="p">HIMR-BK-15472</subfield>
    <subfield code="r">2023-01-25 00:00:00</subfield>
    <subfield code="v">155.25</subfield>
    <subfield code="w">2017-02-25</subfield>
    <subfield code="y">BK</subfield>
    <subfield code="z">B15472</subfield>
  </datafield>
  <datafield tag="952" ind1=" " ind2=" ">
    <subfield code="0">0</subfield>
    <subfield code="1">0</subfield>
    <subfield code="4">0</subfield>
    <subfield code="7">0</subfield>
    <subfield code="a">HIMR</subfield>
    <subfield code="b">HIMR</subfield>
    <subfield code="d">2017-03-01</subfield>
    <subfield code="e">Suyog Enterprises</subfield>
    <subfield code="g">225.00</subfield>
    <subfield code="i">SE/SI/3819</subfield>
    <subfield code="l">0</subfield>
    <subfield code="o">158.1 RAO B15473</subfield>
    <subfield code="p">HIMR-BK-15473</subfield>
    <subfield code="r">2023-01-25 00:00:00</subfield>
    <subfield code="v">155.25</subfield>
    <subfield code="w">2017-02-25</subfield>
    <subfield code="y">BK</subfield>
    <subfield code="z">B15473</subfield>
  </datafield>
  <datafield tag="952" ind1=" " ind2=" ">
    <subfield code="0">0</subfield>
    <subfield code="1">0</subfield>
    <subfield code="4">0</subfield>
    <subfield code="7">0</subfield>
    <subfield code="a">HIMR</subfield>
    <subfield code="b">HIMR</subfield>
    <subfield code="d">2017-03-01</subfield>
    <subfield code="e">Suyog Enterprises</subfield>
    <subfield code="g">225.00</subfield>
    <subfield code="i">SE/SI/3819</subfield>
    <subfield code="l">0</subfield>
    <subfield code="o">158.1 RAO B15474</subfield>
    <subfield code="p">HIMR-BK-15474</subfield>
    <subfield code="r">2023-01-25 00:00:00</subfield>
    <subfield code="v">155.25</subfield>
    <subfield code="w">2017-02-25</subfield>
    <subfield code="y">BK</subfield>
    <subfield code="z">B15474</subfield>
  </datafield>
</record>
